7 Major Tectonic Plates - Statistics

General Stats
  • This quiz has been taken 157 times
  • The average score is 6 of 7
Answer Stats
Answer % Correct
Eurasian
94%
Indo-Australian
91%
North American
89%
South American
89%
Pacific
87%
Africa
86%
Antarctic
73%
No matching quizzes found
Score Distribution
Percent of People with Each Score
Percentile by Number Answered
Your Score History
You have not taken this quiz